00621nam a2200181 a 4500008004100000020002500041100002300066245012200089260005700211300002100268504004100289650003200330650003100362650001900393003000100412005001700413040000900430  a9780797465220 (pbk.)1 aMucheche Caleb, H.10aCompany law in Zimbabwe commentary and legal solutions for insolvent companies in South Africa /c Mucheche, Caleb H. aZimbabwe :b African Legal Resources Dominion,c2017 a267 p. :c24 cm. aIncludes bibliographical references. aIncorporation of companies. aUnregistered Associations. 1aCompanies Act.20230123141134.0 cNUST